Culture Générale - Série 1774 - Statistiques

Statistiques générales
  • Ce quiz a été pris 166 fois
  • Le résultat moyen est 4 sur 10
Statistiques - réponses
Question Réponse % Correct
Quel animal est un roitelet ? oiseau
88%
Quel genre d’animaux un entomologiste étudie-t-il ? insectes
65%
Quel animal est la drosophile, utilisée dans des expérimentations génétiques ? mouche
57%
Quel pays a pour capitale Gaborone ? Botswana
51%
Quel état des États-Unis a pour capitale Montgomery Alabama
42%
À quel chanteur doit-on « je voulais te dire que je t’attends » ou « la boîte à jazz » ? Michel Jonasz
36%
Qu’a inventé le Français Roland Moreno ? carte à puce
29%
En solfège, comment appelle-t-on le silence qui dure un temps ? soupir
22%
De quelle nationalité était la musicienne Violeta Parra ? chilienne
15%
Quand elle crie, on dit qu’une grive … babille
1%
Aucun quiz correspondant
Distribution des résultats
% des personnes avec chaque résultat
Percentile par nombre de réponses
Votre historique - résultats
Vous n’avez pas pris ce quiz